[Event "Titled Tuesday intern op 12th Jul Early"]
[Site "Chess.com INT"]
[Date "2022.07.12"]
[Round "11"]
[White "Tiarks, Jann Christian"]
[Black "Romero Ruscalleda, Josep"]
[Result "1-0"]
[WhiteElo "2196"]
[BlackElo "2193"]
[PlyCount "115"]
[EventDate "2022.07.12"]
[EventType "swiss (blitz)"]
[EventRounds "11"]
[EventCountry "USA"]
[SourceTitle "EXT 2023"]
[Source "ChessBase"]
[SourceDate "2022.10.05"]
[SourceVersion "1"]
[SourceVersionDate "2022.10.05"]
[SourceQuality "1"]

1. e4 g6 2. h4 h5 3. Bc4 Bg7 4. Nf3 Nc6 5. c3 d6 6. d4 e5 7. Bg5 Nge7 8. 0-0 exd4 9. Nxd4 Ne5 10. Bb3 0-0 11. Nd2 Kh7 12. Nc4 Nxc4 13. Bxc4 a6 14. a4 Qe8 15. Re1 Nc6 16. Nxc6 Qxc6 17. Qb3 Qd7 18. Rad1 f6 19. Bf4 Qg4 20. Bg3 g5 21. Be2 Qe6 22. Qxe6 Bxe6 23. Bxh5 Bb3 24. Rb1 Bxa4 25. hxg5 fxg5 26. e5 Kh6 27. Bf3 dxe5 28. Bxb7 Rae8 29. Bxa6 Bc6 30. Ra1 e4 31. Bc4 Kh7 32. Bxc7 Rc8 33. Ra7 Ba8 34. Bb5 Kh6 35. Bg3 Rfe8 36. Bxe8 Rxe8 37. Rd1 Kh5 38. Rxg7 e3 39. fxe3 Rxe3 40. Kf2 Re4 41. Rh1+ Kg4 42. Bd6 Re6 43. Rd7 Bc6 44. Rd8 Bb5 45. Re1 Rf6+ 46. Kg1 Bc6 47. Bc5 Rf5 48. Bd4 Rb5 49. Rd6 Bb7 50. b4 Rf5 51. Rf6 Rd5 52. Rb6 Rd7 53. Re5 Bd5 54. Rg6 Kh5 55. Rgxg5+ Kh6 56. Rxd5 Rxd5 57. Rxd5 Kg6 58. b5 1-0

[Event "Berlin Teschner Memorial"]
[Site "Berlin"]
[Date "2022.05.29"]
[Round "7"]
[White "Tiarks, Jann Christian"]
[Black "Gressmann, Moritz"]
[Result "1-0"]
[WhiteElo "2211"]
[BlackElo "2094"]
[PlyCount "95"]
[EventDate "2022.05.26"]
[EventType "swiss"]
[EventRounds "7"]
[EventCountry "GER"]
[SourceTitle "CBM 208 Extra"]
[Source "ChessBase"]
[SourceDate "2022.07.31"]
[SourceVersion "1"]
[SourceVersionDate "2022.07.31"]
[SourceQuality "1"]

1. e4 e5 2. Nf3 Nc6 3. Bb5 a6 4. Ba4 Nf6 5. 0-0 Be7 6. d3 b5 7. Bb3 d6 8. c3 0-0 9. a4 Bb7 10. Bc2 Nb8 11. axb5 axb5 12. Rxa8 Bxa8 13. Na3 Qe8 14. Re1 c5 15. d4 b4 16. dxe5 bxa3 17. exf6 Bxf6 18. Qxd6 a2 19. Be3 Bxe4 20. Bb3 Be7 21. Qc7 Na6 22. Qa5 Qc6 23. Qxa2 Bxf3 24. gxf3 Nc7 25. Bf4 Ra8 26. Qb1 Bd6 27. Bxd6 Qxd6 28. Qf5 Rf8 29. Rd1 Qc6 30. Bc4 g6 31. Qe4 Qf6 32. Rd7 Ne6 33. Bxe6 fxe6 34. Kg2 h5 35. h4 Kh8 36. Rc7 Rg8 37. Qb7 Rf8 38. Qe4 c4 39. Rxc4 g5 40. Rc7 Qh6 41. Qe5+ Qf6 42. Qxf6+ Rxf6 43. hxg5 Rf5 44. b4 Rxg5+ 45. Kh3 Rf5 46. Kg3 h4+ 47. Kxh4 Rxf3 48. b5 1-0